Temas de arquitectura / (Registro nro. 5000)
[ vista simple ]
| 000 -LEADER | |
|---|---|
| fixed length control field | 01026nam a22003377a 4500 |
| 003 - CONTROL NUMBER IDENTIFIER | |
| control field | PE SENCICO BE |
| 005 - DATE AND TIME OF LATEST TRANSACTION | |
| control field | 20251020182708.0 |
| 008 - FIXED-LENGTH DATA ELEMENTS--GENERAL INFORMATION | |
| fixed length control field | 240704b |||||||| |||| 00| 0 eng d |
| 040 ## - CATALOGING SOURCE | |
| Original cataloging agency | PE SENCICO BE |
| Transcribing agency | PE SENCICO BE |
| 041 ## - LANGUAGE CODE | |
| Language code of text/sound track or separate title | spa |
| 110 1# - MAIN ENTRY--CORPORATE NAME | |
| 9 (RLIN) | 2370 |
| Corporate name or jurisdiction name as entry element | General de Ediciones de Arquitectura S. L. |
| 245 1# - TITLE STATEMENT | |
| Title | Temas de arquitectura / |
| Statement of responsibility, etc. | General de Ediciones de Arquitectura |
| 260 ## - PUBLICATION, DISTRIBUTION, ETC. | |
| Place of publication, distribution, etc. | Valencia : |
| Name of publisher, distributor, etc. | General de Ediciones de Arquitectura ; |
| Date of publication, distribution, etc. | sin año |
| 300 ## - PHYSICAL DESCRIPTION | |
| Extent | v. : |
| Other physical details | il. col. ; |
| Dimensions | 28 cm. |
| 500 ## - GENERAL NOTE | |
| General note | Descripción basada en: N° 7 |
| 650 10 - SUBJECT ADDED ENTRY--TOPICAL TERM | |
| 9 (RLIN) | 49 |
| Topical term or geographic name entry element | Arquitectura |
| 650 20 - SUBJECT ADDED ENTRY--TOPICAL TERM | |
| 9 (RLIN) | 6 |
| Topical term or geographic name entry element | Oficinas |
| 650 20 - SUBJECT ADDED ENTRY--TOPICAL TERM | |
| 9 (RLIN) | 1806 |
| Topical term or geographic name entry element | Hoteles |
| 650 20 - SUBJECT ADDED ENTRY--TOPICAL TERM | |
| 9 (RLIN) | 570 |
| Topical term or geographic name entry element | Arquitectura urbana |
| 650 20 - SUBJECT ADDED ENTRY--TOPICAL TERM | |
| 9 (RLIN) | 18 |
| Topical term or geographic name entry element | Diseño arquitectónico |
| 650 20 - SUBJECT ADDED ENTRY--TOPICAL TERM | |
| 9 (RLIN) | 1424 |
| Topical term or geographic name entry element | Arquitectura estética |
| 650 20 - SUBJECT ADDED ENTRY--TOPICAL TERM | |
| 9 (RLIN) | 191 |
| Topical term or geographic name entry element | Arquitectura moderna |
| 650 20 - SUBJECT ADDED ENTRY--TOPICAL TERM | |
| 9 (RLIN) | 940 |
| Topical term or geographic name entry element | Proyectos de edificaciones |
| 650 20 - SUBJECT ADDED ENTRY--TOPICAL TERM | |
| 9 (RLIN) | 519 |
| Topical term or geographic name entry element | Edificios |
| 866 ## - TEXTUAL HOLDINGS--BASIC BIBLIOGRAPHIC UNIT | |
| Existencias | No. 7 |
| 866 ## - TEXTUAL HOLDINGS--BASIC BIBLIOGRAPHIC UNIT | |
| Existencias | No. 10 |
| 866 ## - TEXTUAL HOLDINGS--BASIC BIBLIOGRAPHIC UNIT | |
| Existencias | No. 12 |
| 866 ## - TEXTUAL HOLDINGS--BASIC BIBLIOGRAPHIC UNIT | |
| Existencias | No. 15 |
| 910 ## - USER-OPTION DATA (OCLC) | |
| User-option data | hfp |
| -- | hfp |
| -- | hfp |
| 942 ## - ADDED ENTRY ELEMENTS (KOHA) | |
| Koha item type | Revista |
| Source of classification or shelving scheme | Dewey Decimal Classification |
| Fecha de la última vez que lo usaron | Pago total | Signatura topográfica completa | Código de barras | Precio efectivo desde | Tipo de documento | Estado perdido | Estado dañado | No es para préstamo | Retirado | Ubicación permanente | Ubicación actual | Fecha de adquisición |
|---|---|---|---|---|---|---|---|---|---|---|---|---|
| 04/07/2024 | No. 7 | BibLima24070038 | 04/07/2024 | Revista | Biblioteca Central Lima | Biblioteca Central Lima | 04/07/2024 | |||||
| 04/07/2024 | No. 10 | BibLima24070039 | 04/07/2024 | Revista | Biblioteca Central Lima | Biblioteca Central Lima | 04/07/2024 | |||||
| 04/07/2024 | No. 12 | BibLima24070040 | 04/07/2024 | Revista | Biblioteca Central Lima | Biblioteca Central Lima | 04/07/2024 | |||||
| 04/07/2024 | No. 15 | BibLima24070041 | 04/07/2024 | Revista | Biblioteca Central Lima | Biblioteca Central Lima | 04/07/2024 |